[Event "Olomouc Summer Open"]
[Site "Olomouc CZE"]
[Date "2012.08.03"]
[Round "2.3"]
[White "Maly,Marek2"]
[Black "Sivuk,V"]
[Result "0-1"]
[WhiteElo "2107"]
[BlackElo "2480"]

1.d4 Nf6 2.c4 g6 3.Nc3 d5 4.cxd5 Nxd5 5.e4 Nxc3 6.bxc3 Bg7 7.Bc4 c5 8.Ne2 O-O
9.O-O Nc6 10.Be3 Qc7 11.Rc1 Bg4 12.f3 Bd7 13.Qd2 Rfd8 14.Bf4 Qc8 15.Bg5 Be8
16.Rfd1 Qc7 17.Qe3 Rac8 18.dxc5 Rxd1+ 19.Rxd1 Na5 20.Bb3 e6 21.Bf4 Be5 22.Bxe5 Qxe5
23.Qd4 Qxc5 24.Qxc5 Rxc5 25.Kf2 Kf8 26.Rb1 Ke7 27.Ke3 Bb5 28.Rc1 e5 29.g4 Bc4
30.Bxc4 Nxc4+ 31.Kd3 b5 32.Rb1 a6 33.Ng3 Rc8 34.Nf1 h5 35.gxh5 gxh5 36.Rb4 Kd6
37.a4 Kc5 38.axb5 Rd8+ 39.Ke2 axb5 40.Rb1 Ra8 41.f4 Ra2+ 42.Kf3 Rc2 43.fxe5 Rxc3+
44.Kf4 b4 45.Ng3 h4 46.Nf5 b3 47.Rd1 b2 48.Nd4 Rd3  0-1

[Event "CECLUB Div1 Final Permanencia 2012"]
[Site "Don Benito ESP"]
[Date "2012.08.04"]
[Round "1.1"]
[White "Khenkin,I"]
[Black "Barbero Senidic,A"]
[Result "1-0"]
[WhiteElo "2656"]
[BlackElo "2373"]

1.d4 Nf6 2.c4 g6 3.Nc3 d5 4.cxd5 Nxd5 5.e4 Nxc3 6.bxc3 Bg7 7.Nf3 c5 8.Be3 O-O
9.Rc1 Qa5 10.Qd2 Rd8 11.d5 e6 12.Bg5 f6 13.Be3 exd5 14.exd5 Bg4 15.Be2 Nd7
16.c4 Qxd2+ 17.Nxd2 Bxe2 18.Kxe2 Re8 19.Kd3 f5 20.Rhe1 b6 21.a4 Ne5+ 22.Kc2 Ng4
23.h3 Nxe3+ 24.fxe3 Bh6 25.Kd3 Re7 26.Re2 Rae8 27.Rce1 Kf7 28.Nb1 Bg5 29.Nc3 Bh4
30.Rf1 Bf6 31.Nb5 Be5 32.g4 a6 33.Na3 Kf6 34.Nc2 Bg3 35.gxf5 gxf5 36.Rg2 Bc7
37.Rgf2 f4 38.exf4 Re4 39.Rf3 b5 40.axb5 axb5 41.cxb5 c4+ 42.Kd2 Re2+ 43.Kc1 R8e4
44.R1f2 Rxf2 45.Rxf2 Bxf4+ 46.Kb2 Ke5 47.Nb4 Be3 48.Rf7 Bc5 49.Kc3 Rh4 50.Rc7 Rxh3+
51.Kxc4 Bxb4 52.Kxb4 Kxd5 53.b6 Kd6 54.Kb5 h5 55.Rh7 Ke5 56.b7 Rb3+ 57.Kc6 Rc3+
58.Kd7 Rb3 59.Rxh5+ Ke4  1-0

[Event "Politiken Cup 2012"]
[Site "Helsingor DEN"]
[Date "2012.08.05"]
[Round "10.15"]
[White "Hillarp Persson,T"]
[Black "Hoyer,J"]
[Result "1-0"]
[WhiteElo "2575"]
[BlackElo "2141"]

1.d4 Nf6 2.c4 g6 3.Nc3 d5 4.cxd5 Nxd5 5.e4 Nxc3 6.bxc3 Bg7 7.Nf3 c5 8.Bc4 Nc6
9.Be3 O-O 10.h3 cxd4 11.cxd4 Qa5+ 12.Kf1 b5 13.Bb3 Bb7 14.h4 h5 15.d5 Ne5
16.Nxe5 Bxe5 17.Bd4 Qc7 18.Rc1 Qd6 19.Bc5 Qf6 20.Qf3 Qxf3 21.gxf3 Rfc8 22.Ke2 Rc7
23.Bb4 Rac8 24.Rxc7 Rxc7 25.Ke3 Bc3 26.Bxc3 Rxc3+ 27.Kd4 b4 28.f4 Bc8 29.Rg1 Kf8
30.Rg3 Rc1 31.Bc4 a5 32.a3 Rc2 33.axb4 axb4 34.Rb3 Rxf2 35.Rxb4 Bg4 36.Rb8+ Kg7
37.Rb7 Rxf4 38.Rxe7 Kf8 39.d6 f5 40.Rf7+ Ke8 41.d7+ Kd8 42.Bb5 Rxe4+ 43.Kc3 Kc7
44.Rf8  1-0

[Event "Olomouc GM Valoz Cup"]
[Site "Olomouc CZE"]
[Date "2012.08.05"]
[Round "5.1"]
[White "Arutinian,D"]
[Black "Givon,A"]
[Result "1/2-1/2"]
[WhiteElo "2558"]
[BlackElo "2340"]

1.d4 Nf6 2.c4 g6 3.Nc3 d5 4.cxd5 Nxd5 5.e4 Nxc3 6.bxc3 Bg7 7.Qa4+ Nd7 8.Nf3 c5
9.Bg5 O-O 10.Rc1 h6 11.Be3 Nb6 12.Qa3 cxd4 13.cxd4 Qd6 14.Qxd6 exd6 15.Bd3 d5
16.Rc7 Be6 17.O-O Rab8 18.Rc5  1/2-1/2

[Event "11th Braunau Open A"]
[Site "Ranshofen AUT"]
[Date "2012.08.05"]
[Round "2.5"]
[White "Tratar,M"]
[Black "Bensch,P"]
[Result "1-0"]
[WhiteElo "2492"]
[BlackElo "2189"]

1.d4 Nf6 2.c4 g6 3.Nc3 d5 4.cxd5 Nxd5 5.e4 Nxc3 6.bxc3 Bg7 7.Be3 c5 8.Qd2 O-O
9.Rc1 Qa5 10.d5 e6 11.c4 Qxd2+ 12.Kxd2 b6 13.Ne2 f5 14.exf5 gxf5 15.g3 e5
16.f4 Nd7 17.h3 Bb7 18.Nc3 a6 19.a4 Rae8 20.a5 bxa5 21.Na4 exf4 22.gxf4 Bh6
23.Bd3 Rf6 24.Rhf1 Bf8 25.Rg1+ Kh8 26.Rg5 Bh6 27.Rh5  1-0

[Event "Open ch-MKD 2012"]
[Site "Struga MKD"]
[Date "2012.08.05"]
[Round "2.18"]
[White "Veleshnja,Zino"]
[Black "Lazov,Toni"]
[Result "0-1"]
[WhiteElo "1584"]
[BlackElo "1838"]

1.d4 Nf6 2.c4 g6 3.Nc3 d5 4.cxd5 Nxd5 5.e4 Nxc3 6.bxc3 Bg7 7.Bc4 c5 8.Ne2 Nc6
9.Be3 O-O 10.O-O Na5 11.Bb3 cxd4 12.Bxd4 b6 13.Bxg7 Kxg7 14.Qc2 Ba6 15.Rfd1 Qc7
16.Ng3 Rac8 17.Rac1 Rfd8 18.Rxd8 Rxd8 19.Qb2 Bc4 20.Nf1 Qf4 21.Bxc4 Nxc4
22.Qe2 Qxc1 23.Qxc4 Qe1 24.Qc7 Rd1 25.Qe5+ Kh6 26.Qb5 Rd2  0-1

[Event "16th HZ Open"]
[Site "Vlissingen NED"]
[Date "2012.08.05"]
[Round "3"]
[White "Porte,H"]
[Black "Pos,Nicolaas"]
[Result "1-0"]
[WhiteElo "2132"]
[BlackElo "1890"]

1.d4 Nf6 2.c4 g6 3.Nc3 d5 4.cxd5 Nxd5 5.e4 Nxc3 6.bxc3 Bg7 7.Bc4 c5 8.Ne2 O-O
9.O-O Nc6 10.Be3 Na5 11.Bd3 cxd4 12.cxd4 e6 13.Qd2 b6 14.Bh6 Bb7 15.Bxg7 Kxg7
16.Rac1 Qd7 17.f4 f5 18.Qe3 Rfe8 19.Nc3 a6 20.d5 fxe4 21.Bxe4 b5 22.Qd4+ Kg8
23.Rfd1 Rad8 24.d6 Nc4 25.Bxb7 Qxb7 26.Ne4 Qb6 27.Qxb6 Nxb6 28.Nf6+ Kf7 29.Nxe8 Kxe8
30.Rc6  1-0

[Event "FSIMA August 2012"]
[Site "Budapest HUN"]
[Date "2012.08.06"]
[Round "3.1"]
[White "Laliena Solares,L"]
[Black "Szeberenyi,A"]
[Result "0-1"]
[WhiteElo "2199"]
[BlackElo "2334"]

1.d4 Nf6 2.c4 g6 3.Nc3 d5 4.cxd5 Nxd5 5.e4 Nxc3 6.bxc3 Bg7 7.Ba3 O-O 8.Nf3 Nd7
9.Qb3 c5 10.Be2 cxd4 11.cxd4 Nf6 12.e5 Nd5 13.O-O b6 14.Ng5 h6 15.Bf3 Bb7
16.Ne4 Qd7 17.Rab1 Bc6 18.Rfc1 Rfc8 19.Rxc6 Rxc6 20.Nc5 bxc5 21.Qxd5 Qxd5
22.Bxd5 Ra6 23.Bxa8 Rxa3 24.dxc5 Bxe5 25.Bd5 Ra5 26.Rc1 Bb2 27.Rc2 Ba3 28.g4 Bxc5
29.Kg2 Bxf2 30.Bxf7+ Kxf7 31.Rxf2+ Ke6 32.Re2+ Kf6 33.h4 e5 34.Rc2 Ra6 35.Kf3 h5
36.gxh5 gxh5 37.Rc8 Ra3+ 38.Ke4 Ra4+ 39.Kf3 Rxh4 40.Rc6+ Kg5 41.Rc5 Rf4+
42.Kg2 Kf5 43.Ra5 Rg4+ 44.Kh3 Rg7 45.Kh4 Rh7 46.Kg3 h4+ 47.Kh3 Kf4  0-1

[Event "Olomouc GM Valoz Cup"]
[Site "Olomouc CZE"]
[Date "2012.08.07"]
[Round "8.5"]
[White "Arutinian,D"]
[Black "Ponizil,C"]
[Result "1-0"]
[WhiteElo "2558"]
[BlackElo "2396"]

1.d4 Nf6 2.c4 g6 3.Nc3 d5 4.cxd5 Nxd5 5.e4 Nxc3 6.bxc3 Bg7 7.Bg5 O-O 8.Rc1 c5
9.Nf3 Bg4 10.d5 f5 11.Qb3 Qd6 12.e5 Qb6 13.Bxe7 Re8 14.Bb5 Bxf3 15.gxf3 Rxe7
16.d6+ Rf7 17.e6 Qxd6 18.exf7+ Kf8 19.O-O a6 20.Rfe1 Nc6 21.Rcd1 Qf6 22.Bxc6 Qxc6
23.Re6 Qb5 24.Qd5 Bxc3 25.Re8+  1-0

[Event "Olomouc GM Valoz Cup"]
[Site "Olomouc CZE"]
[Date "2012.08.07"]
[Round "9.1"]
[White "Ben Artzi,I"]
[Black "Givon,A"]
[Result "0-1"]
[WhiteElo "2268"]
[BlackElo "2340"]

1.d4 Nf6 2.c4 g6 3.Nc3 d5 4.cxd5 Nxd5 5.e4 Nxc3 6.bxc3 Bg7 7.Be3 c5 8.Nf3 O-O
9.Be2 b6 10.Rc1 cxd4 11.cxd4 e6 12.Bg5 Qd6 13.e5 Qd7 14.h4 Ba6 15.h5 Rc8
16.hxg6 fxg6 17.Rxc8+ Qxc8 18.Bxa6 Nxa6 19.d5 Qc3+ 20.Kf1 Qc4+ 21.Kg1 Qxd5
22.Qa4 Nc5 23.Qh4 Qd1+ 24.Kh2 Qa4 25.Qh3 Rf8 26.Be7 Rf5 27.g4 Rf7 28.Bxc5 bxc5
29.Kg2 h6 30.g5 Qe4 31.gxh6 Bxh6 32.Qg3 Kg7 33.Rh4 Rf4 34.Rh3 Rg4  0-1

[Event "Atalik vs Atalik Rapid"]
[Site "Halkidiki GRE"]
[Date "2012.08.08"]
[Round "2"]
[White "Atalik,E"]
[Black "Atalik,S"]
[Result "0-1"]
[WhiteElo "2453"]
[BlackElo "2606"]

1.d4 Nf6 2.c4 g6 3.Nc3 d5 4.cxd5 Nxd5 5.e4 Nxc3 6.bxc3 Bg7 7.Bc4 c5 8.Ne2 Nc6
9.Be3 cxd4 10.cxd4 Qa5+ 11.Qd2 Qxd2+ 12.Kxd2 O-O 13.Rhd1 Rd8 14.Ke1 Na5 15.Bd3 e6
16.Rac1 Bd7 17.Rc7 Be8 18.Bg5 Rd7 19.Rdc1 Nc6 20.Rxd7 Bxd7 21.Be3 Be8 22.d5 Nb4
23.Bb1 exd5 24.a3 Na6 25.exd5 Bb2 26.Rd1 Bxa3 27.d6 Rd8 28.Bf4 Ba4 29.Rd4 Bb4+
30.Kf1 Bb5 31.Be4 Rd7 32.Bf3 Kg7 33.Bg4 f5 34.Bf3 Kf6 35.h4 Bc6 36.Bg5+ Ke5
37.Bf4+ Ke6 38.Rc4 Bxf3 39.Nd4+ Kd5 40.Nxf3 Kxc4 41.Ne5+ Kd5 42.Nxd7 Bxd6
43.Be3 Ke6  0-1

[Event "II Brazil Maringa Open"]
[Site "Maringa BRA"]
[Date "2012.08.09"]
[Round "2.16"]
[White "Quintiliano Pinto,R"]
[Black "Calixto,R"]
[Result "1-0"]
[WhiteElo "2238"]
[BlackElo "1874"]

1.d4 Nf6 2.c4 g6 3.Nc3 d5 4.cxd5 Nxd5 5.e4 Nxc3 6.bxc3 Bg7 7.Bc4 O-O 8.Ne2 c5
9.Be3 Nc6 10.Rc1 cxd4 11.cxd4 Na5 12.Bd3 Bg4 13.f3 Bd7 14.Qd2 Rc8 15.O-O b6
16.Bh6 Bc6 17.Bxg7 Kxg7 18.f4 e6 19.Ba6 Rc7 20.f5 exf5 21.exf5 f6 22.d5 Rd7
23.Nf4 Bxd5 24.Bb5 Nc4 25.Rxc4 Bxc4 26.Bxd7 Bxa2 27.Qxa2 Qxd7 28.Ne6+  1-0

[Event "Open ch-MKD 2012"]
[Site "Struga MKD"]
[Date "2012.08.09"]
[Round "6.1"]
[White "Menkinoski,R"]
[Black "Ilic,Zo3"]
[Result "1/2-1/2"]
[WhiteElo "2352"]
[BlackElo "2264"]

1.d4 Nf6 2.c4 g6 3.Nc3 d5 4.cxd5 Nxd5 5.e4 Nxc3 6.bxc3 Bg7 7.Bb5+ c6 8.Ba4 O-O
9.Ne2 c5 10.O-O Nc6 11.Bxc6 bxc6 12.Ba3 cxd4 13.Nxd4 c5 14.Bxc5 Qc7 15.Nb3 Ba6
16.Re1 Bxc3 17.Rc1 Bxe1 18.Qxe1 Rac8 19.Be3 Qe5 20.Nc5 Bb5 21.Qb4 Bc6 22.Bd4 Qf4
23.Be3 Qd6 24.f3 Rfd8 25.Qa5 Rb8 26.Qc3 Qf6 27.Qa5 Qd6 28.Nb3 Be8 29.Bc5 Qf4
30.Re1 Rd7 31.Bf2 Rc8 32.Nc5 Qd2 33.Qa3 Rdc7 34.Rc1 a5 35.h3 Qb4 36.Qe3 Qb2
37.a3 Rc6 38.Kh2 Qf6 39.e5 Qg7 40.Be1 a4 41.Bb4 g5 42.Rd1 h5 43.e6 f6 44.Rd5 R6c7  1/2-1/2

[Event "16th Izmailov Mem"]
[Site "Tomsk RUS"]
[Date "2012.08.09"]
[Round "3.17"]
[White "Turovets,Sergey"]
[Black "Petrukhina,I"]
[Result "1/2-1/2"]
[WhiteElo "1946"]
[BlackElo "2212"]

1.d4 Nf6 2.c4 g6 3.Nc3 d5 4.cxd5 Nxd5 5.e4 Nxc3 6.bxc3 Bg7 7.Nf3 c5 8.Rb1 Nc6
9.d5 Na5 10.Bb5+ Bd7 11.Qc2 O-O 12.Bxd7 Qxd7 13.c4 b6 14.O-O Nb7 15.Bb2 Bxb2
16.Rxb2 f6 17.Qc3 e5 18.Ra1 Rae8 19.a4 Re7 20.Nd2 f5 21.f3 Rf6 22.f4 Qc7
23.Nf3 fxe4 24.fxe5 Rf4 25.d6 Nxd6 26.exd6 Qxd6 27.Rd2 Qb8 28.Rad1 Rf8 29.Rd7 Qe8
30.Rxe7 Qxe7 31.Qe5 Re8 32.Qxe7 Rxe7 33.Re1 Kf8 34.Nd2 e3 35.Nb1 Rd7 36.Nc3 Rd3
37.Nd5 Ra3 38.Rxe3 Rxa4 39.Rc3 Kf7 40.Kf2 Ke6 41.Ke3 Ke5 42.Nf4 a5 43.Ne2 Ra2
44.Kd3 Kd6 45.Rc2 Ra1 46.Rb2 Kc6 47.Nc3 a4 48.Ra2 Rxa2 49.Nxa2 b5 50.cxb5+ Kxb5
51.Kc3 c4 52.Nb4 Kc5 53.Nc2 g5 54.Na3 Kd5 55.Nxc4 Ke4 56.Kd2 h6 57.Na3 Kd4
58.Nc2+ Kc4 59.Ne3+ Kb3 60.Kc1 Kc3 61.Ng4 h5 62.Nf6 h4 63.Nh7 g4 64.Nf6 Kd3
65.Nxg4 Ke2 66.Nf6 Kf2 67.g4 hxg3 68.Ne4+ Kg2 69.hxg3  1/2-1/2

[Event "Stare Mesto Open 2012"]
[Site "Stare Mesto CZE"]
[Date "2012.08.10"]
[Round "1.3"]
[White "Zilka,S"]
[Black "Berger,Patrik"]
[Result "1-0"]
[WhiteElo "2517"]
[BlackElo "1918"]

1.d4 Nf6 2.c4 g6 3.Nc3 d5 4.cxd5 Nxd5 5.e4 Nxc3 6.bxc3 Bg7 7.Bc4 c5 8.Ne2 Nc6
9.Be3 O-O 10.O-O Na5 11.Bd3 cxd4 12.cxd4 Be6 13.d5 Bxa1 14.Qxa1 f6 15.Bh6 Re8
16.Nf4 Bd7 17.e5 Rc8 18.h4 Nc4 19.Re1 Bg4 20.h5 Bf5 21.Bxf5 gxf5 22.Qb1 Nxe5
23.Rxe5 Rc1+ 24.Qxc1 fxe5 25.Qc3 Qd6 26.Qg3+  1-0

[Event "II Brazil Maringa Open"]
[Site "Maringa BRA"]
[Date "2012.08.11"]
[Round "6.19"]
[White "Aranha Filho,A"]
[Black "Lukachewski Junior,Wanderley"]
[Result "1/2-1/2"]
[WhiteElo "2292"]
[BlackElo "2050"]

1.d4 Nf6 2.c4 g6 3.Nc3 d5 4.cxd5 Nxd5 5.e4 Nxc3 6.bxc3 Bg7 7.Be3 O-O 8.Qd2 c5
9.Rc1 cxd4 10.cxd4 Nc6 11.Nf3 Bg4 12.d5 Bxf3 13.gxf3 Ne5 14.Be2 Qd7 15.f4 Ng4
16.Bd4 Rfc8 17.Rxc8+ Rxc8 18.Bxg7 Kxg7 19.O-O Nf6 20.Bf3 Qh3 21.Qe3 Ng4 22.Bxg4 Qxg4+
23.Kh1  1/2-1/2

[Event "16th HZ Open"]
[Site "Vlissingen NED"]
[Date "2012.08.11"]
[Round "9"]
[White "Hoffmann,Micha1"]
[Black "Bezemer,A"]
[Result "1/2-1/2"]
[WhiteElo "2482"]
[BlackElo "2330"]

1.d4 Nf6 2.c4 g6 3.Nc3 d5 4.cxd5 Nxd5 5.e4 Nxc3 6.bxc3 Bg7 7.Be3 c5 8.Rc1 Qa5
9.Qd2 O-O 10.Nf3 cxd4 11.cxd4 Qxd2+ 12.Nxd2 Nc6 13.d5 Nd4 14.Nf3 Nxf3+ 15.gxf3 e6
16.Bc4 exd5 17.Bxd5 Be6 18.Bxe6 fxe6 19.Ke2 Rf7 20.h4 h5 21.Rc5 Kh7 22.Rhc1 Bf6
23.Rc7 Rf8 24.Bxa7 Bxh4 25.Bd4 Kg8 26.a4 Rxc7 27.Rxc7 Rf7 28.Rc8+ Rf8 29.Rc7 Rf7
30.Rc8+ Rf8 31.Rc4 Bf6 32.Be3 Rf7 33.f4 Rd7 34.Rb4 Kf7 35.Rb5 Be7 36.Kf3 Bf6
37.Bc5 Rd3+ 38.Ke2 Rd7 39.Be3 Be7 40.Rb1 Bf6 41.Rc1 Ke8 42.Bb6 Bd4 43.Rc8+ Ke7
44.a5 Bxb6 45.axb6 Rd6 46.Rc7+ Rd7 47.Rc8 Rd6 48.Rc7+  1/2-1/2

[Event "XIII Miquel Mas Open"]
[Site "Figueres ESP"]
[Date "2012.08.12"]
[Round "5.13"]
[White "Dalo,Hermes"]
[Black "Serra Pages,J"]
[Result "0-1"]
[WhiteElo "2130"]
[BlackElo "2224"]

1.d4 Nf6 2.c4 g6 3.Nc3 d5 4.cxd5 Nxd5 5.e4 Nxc3 6.bxc3 Bg7 7.Bc4 c5 8.Ne2 Nc6
9.Be3 O-O 10.O-O Bg4 11.f3 cxd4 12.cxd4 Na5 13.Bd3 Be6 14.d5 Bxa1 15.Qxa1 f6
16.Qd4 Bf7 17.Bh6 Re8 18.Bb5 e5 19.Qf2 Re7 20.Bd3 Nc6 21.Bb1 Nb8 22.f4 Nd7
23.fxe5 Rxe5 24.Be3 a6 25.Bd4 Re8 26.g4 Qe7 27.Nc3 Rf8 28.Qh4 g5 29.Qh6 Bg6
30.h4 Ne5 31.Bxe5 Qxe5 32.Rf3 Rac8 33.Ne2 Rc4 34.hxg5 Qxg5 35.Qxg5 fxg5 36.Re3 Re8
37.Nc3 Rec8 38.Ne2 Rc1+ 39.Nxc1 Rxc1+ 40.Kf2 Rxb1 41.Ke2 Rb4 42.Kd3 Kf7  0-1

[Event "II Brazil Maringa Open"]
[Site "Maringa BRA"]
[Date "2012.08.12"]
[Round "9.11"]
[White "Abdalla,L"]
[Black "Goncalves,I"]
[Result "1/2-1/2"]
[WhiteElo "2338"]
[BlackElo "2116"]

1.d4 Nf6 2.c4 g6 3.Nc3 d5 4.cxd5 Nxd5 5.e4 Nxc3 6.bxc3 Bg7 7.Be3 c5 8.Qd2 Qa5
9.Rc1 cxd4 10.cxd4 Qxd2+ 11.Bxd2 O-O 12.Nf3 Bg4 13.Rc7 Bxf3 14.gxf3 Bxd4
15.Rxe7 b6 16.Bb5 a6 17.Ba4 b5 18.Bb3 Nc6 19.Rc7 Ne5 20.Ke2 Bb6 21.Rb7 Rab8
22.Rxb8 Rxb8 23.Rc1 a5 24.Bf4 Re8 25.Bd5 Kg7 26.Be3 Rb8 27.Bxb6 Rxb6 28.f4 Nc4
29.Bxc4 bxc4 30.Rc2 Rb4 31.Ke3 Ra4  1/2-1/2

[Event "Stare Mesto Open 2012"]
[Site "Stare Mesto CZE"]
[Date "2012.08.12"]
[Round "3.2"]
[White "Zilka,S"]
[Black "Koutny,Pe"]
[Result "1-0"]
[WhiteElo "2517"]
[BlackElo "2177"]

1.d4 Nf6 2.c4 g6 3.Nc3 d5 4.cxd5 Nxd5 5.e4 Nxc3 6.bxc3 Bg7 7.Bc4 c5 8.Ne2 Nc6
9.Be3 O-O 10.O-O Na5 11.Bd3 b6 12.Rc1 e5 13.dxc5 Be6 14.c4 bxc5 15.Bxc5 Bh6
16.Rc2 Re8 17.Nc3 Rc8 18.Bb4 Nc6 19.Ba3 Nd4 20.Rb2 Bxc4 21.Bxc4 Rxc4 22.Qd3 Ra4  1-0

[Event "FSGM August 2012"]
[Site "Budapest HUN"]
[Date "2012.08.13"]
[Round "9.3"]
[White "Toth,E"]
[Black "Bagi,M"]
[Result "1-0"]
[WhiteElo "2466"]
[BlackElo "2328"]

1.d4 Nf6 2.c4 g6 3.Nc3 d5 4.cxd5 Nxd5 5.e4 Nxc3 6.bxc3 Bg7 7.Qa4+ Nd7 8.Nf3 O-O
9.Bg5 c5 10.Rc1 Qc7 11.Bd3 a6 12.O-O b5 13.Qd1 e5 14.Qd2 Re8 15.Rfe1 Bb7
16.d5 c4 17.Bc2 Qd6 18.a4 Rab8 19.Rb1 Bc8 20.axb5 axb5 21.Ra1 Nc5 22.Ra7 Bg4
23.Rea1 Rb7 24.Rxb7 Nxb7 25.Be3 Nc5 26.Qc1 f5 27.Qb1 Rb8 28.exf5 e4 29.Nd4 Qxd5
30.Ra5 Nd3 31.fxg6 hxg6 32.Rxb5 Rxb5 33.Qxb5 Qf7 34.h3 Bf5 35.Bb1 Kh7 36.Ba2 Ne5
37.Qc5 Qg8 38.Qc7 Qd5 39.Bf4 Kh8 40.Nxf5 gxf5 41.Qc8+ Qg8 42.Qxf5 Nd3 43.Qh5+ Qh7
44.Qe8+ Qg8 45.Qxg8+ Kxg8 46.Bxc4+ Kh7 47.Bd2 Kg6 48.Bxd3 exd3 49.f3 Bf8
50.Kf1 Kf5 51.Ke1 Bc5 52.Bh6 Kg6 53.Bf4  1-0

[Event "Stare Mesto Open 2012"]
[Site "Stare Mesto CZE"]
[Date "2012.08.13"]
[Round "5.12"]
[White "Pribyl,Re"]
[Black "Klima,L"]
[Result "0-1"]
[WhiteElo "2023"]
[BlackElo "2372"]

1.d4 Nf6 2.c4 g6 3.Nc3 d5 4.cxd5 Nxd5 5.e4 Nxc3 6.bxc3 Bg7 7.Bc4 O-O 8.Be3 c5
9.Ne2 cxd4 10.cxd4 Nc6 11.O-O Bg4 12.f3 Na5 13.Bxf7+ Rxf7 14.fxg4 Rxf1+ 15.Kxf1 Qd6
16.Kg1 Qa3 17.Bc1 Qd6 18.Qd3 Rd8 19.Be3 Kh8 20.h3 Nc6 21.Rd1 Nxd4 22.Nxd4 e5
23.Qc4 exd4 24.Rd3 Qc6 25.Qxc6 bxc6 26.Bg5 Re8 27.Ra3 h6 28.Bh4 c5 29.Rxa7 d3  0-1

[Event "28th Geraardsbergen Open"]
[Site "Geraardsbergen BEL"]
[Date "2012.08.14"]
[Round "7.16"]
[White "Vanhee,F"]
[Black "Delanoeije,P"]
[Result "1/2-1/2"]
[WhiteElo "1961"]
[BlackElo "2020"]

1.d4 Nf6 2.c4 g6 3.Nc3 d5 4.cxd5 Nxd5 5.e4 Nxc3 6.bxc3 Bg7 7.Bc4 O-O 8.Ne2 c5
9.Be3 Nc6 10.Rc1 Qc7 11.Qd2 Qa5 12.Rd1 Rd8 13.h4 Bg4 14.f3 Bxf3 15.gxf3 Ne5
16.dxe5 Rxd2 17.Bxd2 Bxe5 18.f4 Bg7 19.e5 e6 20.Ng3 b5 21.Be2 f6 22.exf6 Bxf6
23.Ne4 Bg7 24.Bg4 Re8 25.Rh3 Qxa2 26.Nxc5 Qd5 27.Nd3 Qg2 28.Nf2 e5 29.Re3 Qh2
30.Bd7 Rd8 31.Rh3 Qg2 32.Be6+ Kh8 33.f5 gxf5 34.Rd3 Rxd3 35.Nxd3 Qe4+ 36.Kf2 Qxd3
37.Bb3 e4 38.Be3 Qxc3 39.Rd8+ Bf8 40.Rxf8+ Kg7 41.Rg8+ Kf6 42.Bg5+ Ke5 43.Re8+ Kd6
44.Re6+ Kd7 45.Re7+ Kd6 46.Re6+ Kd7  1/2-1/2

[Event "2nd Metropolitan International"]
[Site "Los Angeles USA"]
[Date "2012.08.16"]
[Round "4"]
[White "Troff,Kayden W"]
[Black "Garcia,Gild"]
[Result "0-1"]
[WhiteElo "2279"]
[BlackElo "2390"]

1.d4 Nf6 2.c4 g6 3.Nc3 d5 4.cxd5 Nxd5 5.e4 Nxc3 6.bxc3 Bg7 7.Ba3 Nd7 8.Nf3 c5
9.Qb3 O-O 10.Bc4 b5 11.Bxf7+ Rxf7 12.Ng5 e6 13.Nxf7 Kxf7 14.Rd1 b4 15.cxb4 cxd4
16.Bb2 Qb6 17.O-O Ba6 18.Rfe1 Rd8 19.a4 Ne5 20.b5 Bb7 21.Qb4 a5 22.Qb3 g5
23.Rc1 d3 24.Rcd1 Ng4 25.Rd2 Bxb2 26.Qxb2 Qd6 27.g3 Ne5 28.Re3 g4 29.Kf1 Nc4
30.Qc3 Nxd2+ 31.Qxd2 Qb4 32.Qxb4 axb4 33.Ke1 d2+ 34.Kd1 b3 35.Rxb3 Bxe4 36.Rc3 Bf3+
37.Rxf3+ gxf3 38.b6 Ra8  0-1

[Event "2nd Split Open 2012"]
[Site "Split CRO"]
[Date "2012.08.16"]
[Round "6.50"]
[White "Milosavljevic,J"]
[Black "Porobija,Antonio"]
[Result "1-0"]
[WhiteElo "2081"]
[BlackElo "2012"]

1.d4 Nf6 2.c4 g6 3.Nc3 d5 4.cxd5 Nxd5 5.e4 Nxc3 6.bxc3 Bg7 7.Be3 O-O 8.Bc4 c5
9.Qd2 Nc6 10.Ne2 Qa5 11.Rb1 a6 12.O-O Rd8 13.Rfd1 e6 14.Qb2 b5 15.Bb3 Bb7
16.d5 exd5 17.Bxd5 Qb6 18.a4 b4 19.Qa2 Rd7 20.cxb4 Nxb4 21.Qc4 Bf8 22.Nc3 Rad8
23.h4 Qc7 24.Rd2 Bxd5 25.exd5 Qe5 26.Bf4 Qf5 27.Rbd1 Nc2 28.Bg5 Rb8 29.g4 Na3
30.Qe2  1-0

[Event "2nd Metropolitan International"]
[Site "Los Angeles USA"]
[Date "2012.08.17"]
[Round "7"]
[White "Remlinger,L"]
[Black "Troff,Kayden W"]
[Result "0-1"]
[WhiteElo "2330"]
[BlackElo "2279"]

1.d4 Nf6 2.c4 g6 3.Nc3 d5 4.cxd5 Nxd5 5.e4 Nxc3 6.bxc3 Bg7 7.Bg5 c5 8.Rc1 O-O
9.Nf3 Bg4 10.d5 Qd6 11.Be2 Bxf3 12.Bxf3 c4 13.Qd2 Nd7 14.O-O Nc5 15.Rc2 b5
16.g3 Na4 17.Bg2 a5 18.Bf4 e5 19.dxe6 Qxe6 20.Rb1 Rfd8 21.Qe1 Rac8 22.h4 Rd3
23.e5 Rc5 24.Be4 Bxe5 25.Be3 Rc8 26.Bd2 Nxc3 27.Bxc3 Bxc3 28.Rxc3 Rxc3 29.Qxc3 Qxe4
30.Rxb5 a4 31.h5 Qd3 32.Qxd3 cxd3 33.Rd5 Rc3 34.hxg6 hxg6 35.Kg2 Ra3 36.Rd8+ Kg7
37.Rd6 Kf8 38.Rd7 Ke8 39.Rd6 Ke7 40.Rd4 Ke6 41.Rd8 Ke5 42.Rd7 Ke4 43.Re7+ Kd4
44.Rxf7 Rxa2 45.Kf3 a3 46.Ra7 Ra1  0-1

[Event "25th Panevezys IM"]
[Site "Panevezys LTU"]
[Date "2012.08.18"]
[Round "8.2"]
[White "Vedrickas,T"]
[Black "Kantans,T"]
[Result "0-1"]
[WhiteElo "2344"]
[BlackElo "2380"]

1.d4 Nf6 2.c4 g6 3.Nc3 d5 4.cxd5 Nxd5 5.e4 Nxc3 6.bxc3 Bg7 7.Bc4 O-O 8.Ne2 c5
9.O-O Nc6 10.Be3 Bg4 11.f3 Na5 12.Bd3 cxd4 13.cxd4 Be6 14.d5 Bxa1 15.Qxa1 f6
16.Qd4 Bf7 17.Bh6 Re8 18.Bb5 e5 19.Qf2 Re7 20.Be3 Rc8 21.f4 Nc4 22.Bxc4 Rxc4
23.Ng3 exf4 24.Qxf4 Re5 25.Qf2 Rcxe4 26.Nxe4 Rxe4 27.Rd1 Bxd5 28.Qd2 a6 29.h3 Re6
30.Bc5 Kg7 31.Kf2 Re5 32.g4 Qc7 33.Qc3 Bc6 34.Rd6 Qf7 35.Bd4 Qxa2+ 36.Qb2 Qxb2+
37.Bxb2 Rd5 38.Bxf6+ Kf7 39.Rxd5 Bxd5 40.Bc3 Ke6 41.Ke3 Bg2 42.h4 Kd5 43.Kd2 Kc4
44.Kc2 b5 45.Kb2 b4 46.Bf6 a5 47.Bd8 a4 48.Be7 a3+ 49.Ka2 Kb5 50.Bd6 Ka4  0-1

[Event "2nd Split Open 2012"]
[Site "Split CRO"]
[Date "2012.08.18"]
[Round "8.42"]
[White "Bartl,U"]
[Black "Liepold,S"]
[Result "1-0"]
[WhiteElo "1998"]
[BlackElo "2208"]

1.d4 Nf6 2.c4 g6 3.Nc3 d5 4.cxd5 Nxd5 5.e4 Nxc3 6.bxc3 Bg7 7.Nf3 c5 8.Rb1 O-O
9.Be2 cxd4 10.cxd4 Qa5+ 11.Qd2 Qxd2+ 12.Bxd2 e6 13.O-O b6 14.Bb5 Bd7 15.d5 exd5
16.exd5 Bxb5 17.Rxb5 Nd7 18.a4 Rac8 19.a5 a6 20.Rbb1 b5 21.Rfc1 Ne5 22.Nxe5 Bxe5
23.Rc6 Rxc6 24.dxc6 Rc8 25.Rc1 f6 26.g3 Kf7 27.Bb4 Ke6 28.f4 Bb8 29.Kg2 Kd5
30.Rc5+ Kd4 31.Rc1 f5 32.Kf3 Bc7 33.Bc5+ Kd5 34.Bb4 Re8 35.Rc5+ Kd4 36.Rc1 Re3+
37.Kf2 Re4 38.Rd1+ Kc4 39.Bd6 Bxa5 40.c7 Re8 41.Rc1+ Bc3 42.Be5 b4 43.Rd1 Bxe5
44.fxe5 Rc8 45.e6 b3 46.e7 b2 47.Rd8 b1=Q 48.e8=Q Qb6+ 49.Kg2 Rxc7 50.Qa4+ Kc5
51.Qc2+ Kb4 52.Qb2+  1-0

[Event "11th Lichtenberger Sommer 2012"]
[Site "Berlin GER"]
[Date "2012.08.19"]
[Round "2.20"]
[White "Eichler,Jan-Christoph"]
[Black "Giemsa,S"]
[Result "0-1"]
[WhiteElo "2095"]
[BlackElo "2261"]

1.d4 Nf6 2.c4 g6 3.Nc3 d5 4.cxd5 Nxd5 5.e4 Nxc3 6.bxc3 Bg7 7.Bc4 c5 8.Ne2 Nc6
9.Be3 O-O 10.O-O e6 11.Qd2 Qa5 12.dxc5 Rd8 13.Qb2 Ne5 14.Qb4 Nxc4 15.Qxc4 b6
16.Qb3 Ba6 17.Rfe1 bxc5 18.Rac1 Rab8 19.Qc2 Bd3 20.Qd1 Bxe4 21.Bd2 Qxa2  0-1

[Event "EY Boys U18 2012"]
[Site "Prague CZE"]
[Date "2012.08.19"]
[Round "3.20"]
[White "Drnovsek,G"]
[Black "Kriebel,T"]
[Result "1-0"]
[WhiteElo "2177"]
[BlackElo "2376"]

1.d4 Nf6 2.c4 g6 3.Nc3 d5 4.cxd5 Nxd5 5.e4 Nxc3 6.bxc3 Bg7 7.Bc4 c5 8.Ne2 O-O
9.O-O Nc6 10.Be3 Qc7 11.Qc1 Rd8 12.h3 e6 13.Rd1 a6 14.Bf4 Qe7 15.Bg5 f6 16.Be3 b5
17.Bd3 Bb7 18.a4 cxd4 19.cxd4 Nb4 20.Bb1 Rac8 21.Qb2 Rc4 22.axb5 axb5 23.Ra5 Bc6
24.Qa3 Bf8 25.Qb3 Qc7 26.Ra1 Bd6 27.Bd2 Kf7 28.Rc1 Ra8 29.Rxa8 Bxa8 30.Rd1 Bc6
31.h4 Qa7 32.Qe3 Qa4 33.Rf1 Nc2 34.Qh6 Kg8 35.Nc3 Rxc3 36.Bxc3 Bxe4 37.Qd2 b4
38.Bb2 b3 39.f3 Bd5 40.Rc1 Bb4 41.Qf4 Qa5 42.Bxc2 Bd2 43.Qb8+ Kg7 44.Ra1 Be3+
45.Kh1 Qd2 46.Ra7+ Kh6 47.Qf8+ Kh5 48.Rxh7+ Bh6 49.g4+ Kxh4 50.Qxh6+ Qxh6
51.Rxh6+ Kg3 52.Be4  1-0

[Event "12th World Uni Men"]
[Site "Guimaraes POR"]
[Date "2012.08.20"]
[Round "2.3"]
[White "Moranda,W"]
[Black "Rojas Alarcon,J"]
[Result "1/2-1/2"]
[WhiteElo "2566"]
[BlackElo "2344"]

1.d4 Nf6 2.c4 g6 3.Nc3 d5 4.cxd5 Nxd5 5.e4 Nxc3 6.bxc3 Bg7 7.Bc4 c5 8.Ne2 Nc6
9.Be3 O-O 10.O-O Na5 11.Bd3 b6 12.Rc1 e5 13.dxc5 bxc5 14.Bxc5 Bh6 15.Rc2 Be6
16.Bxf8 Qxf8 17.Ng3 Qc5 18.Qb1 Nc4 19.Bxc4 Qxc4 20.Rd1 Rc8 21.Rb2 Qxc3 22.Rb8 Bf8
23.Rxc8 Qxc8 24.Qb2 Qc7 25.Ne2 Bc5 26.Qd2 Qc6 27.Qc3 Qxe4 28.Qxc5 Qxe2 29.Rc1 Bxa2
30.Qxa7 Kg7 31.Qa5 Qb2 32.Qc5 Be6 33.Re1 Kf6 34.h3 h5 35.Qf8 Bd5 36.Qd8+ Ke6
37.Rd1 Qb5 38.Re1 Qb2 39.Qg5 Qd4 40.Qg3 Kf6 41.h4 Be4 42.Kh2 Bf5 43.Qg5+ Kg7
44.f3 Qd6 45.Qg3 Kf6 46.Kh1 Qd4 47.Rc1 Kg7 48.Kh2 e4 49.fxe4 Qxe4 50.Rf1 Kf6
51.Qc3+ Qe5+ 52.Qxe5+ Kxe5 53.Kg3 Be6 54.Re1+ Kf5 55.Ra1 Bb3 56.Ra5+ Kf6
57.Kf4 Bc4 58.Rc5 Bb3 59.Rc6+ Kg7 60.Ke5 Ba2 61.Ra6 Bb3 62.Ra1  1/2-1/2